000 00549nam a2200217Ia 4500
005 20250923144658.0
008 008 250917s9999 xx 000 0 eng d
037 _aTextual
040 _aDSWL
_beng
_cDSWL
041 _aeng
_2eng
084 _qDSWL
100 _aLeavis, F.R.
_9827297
245 0 _aCulture and environment
_cby F.R. Leavis
260 _aLondon
_b Chatto & Windus
_c1959
300 _avii,150p.
365 _aINR
_b7.6
700 _a D.Thomson
_9827298
925 _g7.6
942 _cTEXL
999 _c1441951
_d1441951